000 00674nam a2200253Ia 4500
003 OSt
005 20220912150416.0
006 a|||||r|||| 00| 0
007 ta
008 220909b |||||||| |||| 00| 0 eng d
020 _a0716782618 (hbd)
024 _a3725
037 _cTextual
040 _aCSL
_beng
_cCSL
041 _aeng
082 _aD65,8(B)91, N2
100 _aParsons Thomas W
245 0 _aIntroduction to compiler construction
260 _aNew York
_b Computer Science Press
_c1992
300 _axv,359p
650 _aComputer science
942 _hD65,8(B)91, N2
_cTEXL
_2CC
999 _c46915
_d46915